[Event "XXIV Open"]
[Site "Cappelle La Grande FRA"]
[Date "2008.02.16"]
[Round "1"]
[White "Bacon,N"]
[Black "Ribaud Chevrey,P"]
[Result "0-1"]
[WhiteElo "2270"]
[BlackElo "2073"]

1.e4 e6 2.d4 c5 3.Nf3 a6 4.Nc3 cxd4 5.Nxd4 Qc7 6.Be2 Nf6 7.a3 b5 8.O-O Bb7
9.Bf3 d6 10.Bg5 Nbd7 11.Re1 Ne5 12.Bxf6 gxf6 13.Bh5 O-O-O 14.Re3 Kb8 15.Be2 Nc4
16.Bxc4 Qxc4 17.b3 Qc7 18.b4 Rg8 19.a4 f5 20.axb5 axb5 21.Qe2 Qb6 22.Ndxb5 Bg7
23.Rb1 Be5 24.Na4 Qc6 25.c4 f4 26.Reb3 Qxe4 27.Qxe4 Bxe4 28.f3 Bxb1 29.Rxb1 Kb7
30.Rb3 Ra8 31.Ra3 Kc6 32.Kf2 d5 33.Nc5 Rxa3 34.Nxa3 Bd4+  0-1

[Event "XXIV Open"]
[Site "Cappelle La Grande FRA"]
[Date "2008.02.16"]
[Round "1"]
[White "Cabrera Trujillo,J"]
[Black "Wirig,A"]
[Result "1-0"]
[WhiteElo "2320"]
[BlackElo "2479"]

1.e4 c5 2.Nf3 e6 3.d4 cxd4 4.Nxd4 a6 5.Nc3 Qc7 6.Bd3 Nc6 7.Be3 Nf6 8.O-O Nxd4
9.Bxd4 Bc5 10.Bxf6 gxf6 11.Qg4 Qe5 12.Qg7 Rf8 13.Kh1 Be7 14.Qxh7 d6 15.f4 Qa5
16.f5 Bd7 17.fxe6 fxe6 18.Nd5 exd5 19.exd5 Qxd5 20.Bg6+ Kd8 21.Rfe1 Be6 22.Rad1 Qe5
23.Rxe5 fxe5 24.Be4 Rb8 25.Qh6 Kd7 26.Qe3 Bg4 27.Re1 Kc7 28.Qc3+ Kd7 29.h3 Bf5
30.Qd3 Bxe4 31.Rxe4 Ke6 32.c4 Bf6 33.a4 Ke7 34.Rg4 Rbc8 35.Qd5 Rc7 36.Rg6 Kd7
37.g4 Be7 38.Qe6+ Kd8 39.g5 b5 40.Rg7 bxc4 41.g6  1-0

[Event "XXIV Open"]
[Site "Cappelle La Grande FRA"]
[Date "2008.02.16"]
[Round "1"]
[White "Przybylski,W"]
[Black "Kveinys,A"]
[Result "0-1"]
[WhiteElo "2373"]
[BlackElo "2521"]

1.e4 c5 2.Nf3 e6 3.d4 cxd4 4.Nxd4 a6 5.Nc3 Qc7 6.Be3 Nf6 7.Bd3 Nc6 8.O-O b5
9.Qe2 Bb7 10.a3 Be7 11.f4 d6 12.Rae1 O-O 13.Qf3 Rad8 14.Qg3 d5 15.e5 Ne4
16.Qh3 g6 17.Nxc6 Bxc6 18.Nxe4 dxe4 19.Be2 a5 20.c3 b4 21.axb4 axb4 22.Bd4 bxc3
23.Qxc3 Qb7 24.Ra1 Bb4 25.Qc4 Bd5 26.Qa6 Qe7 27.Qa7 Rd7 28.Qa4 Bc4 29.Bxc4 Rxd4
30.Qb5 e3 31.Rad1 Bd2 32.b3 Kg7 33.Qc6 Rfd8 34.Qf3 Qc5 35.Qe2 Ra8 36.Kh1 Ra2
37.h3 Qc6 38.Qg4 Qe4 39.Qe2 Rb2 40.Qg4 Rxc4 41.Rxd2 exd2 42.bxc4 Rb1  0-1

[Event "TCh-HUN 2007-8"]
[Site "Budapest HUN"]
[Date "2008.02.17"]
[Round "6"]
[White "Nevednichy,V"]
[Black "Fogarasi,T"]
[Result "1-0"]
[WhiteElo "2531"]
[BlackElo "2428"]

1.e4 c5 2.Nc3 a6 3.Nf3 e6 4.d4 cxd4 5.Nxd4 Qc7 6.Be2 Nc6 7.O-O Nf6 8.a4 Be7
9.Be3 O-O 10.f4 d6 11.Kh1 Re8 12.Bd3 Bd7 13.Qf3 Nb4 14.Qg3 Nxd3 15.cxd3 Qa5
16.f5 e5 17.Nde2 Bc6 18.b4 Qd8 19.Bh6 Bf8 20.Bg5 Be7 21.Bxf6 Bxf6 22.b5 axb5
23.axb5 Rxa1 24.Rxa1 Bd7 25.Ra7 Qb6 26.Nd5 Qxa7 27.Nxf6+ Kh8 28.Nxd7 f6 29.Qh4 b6
30.Nxf6 gxf6 31.Qxf6+ Kg8 32.Qxd6 Qa1+ 33.Ng1 Qd4 34.Qc6 Kf7 35.h3 Qxd3 36.Nf3 Qe3
37.Qd7+ Kf8 38.Qxh7 Qxe4 39.Ng5 Qc4 40.Qh8+ Ke7 41.Qxe5+ Kd7 42.Ne6 Rg8 43.Kh2 Qd3
44.Nd4 Qc4 45.Ne6 Ra8 46.Qg7+ Kd6 47.Qb7 Ra2 48.Qb8+ Kd5 49.Qxb6 Ke5 50.Qe3+ Kxf5
51.Nd4+ Kf6 52.Qf4+ Kg6 53.Qd6+ Kf7 54.b6  1-0

[Event "TCh-HUN 2007-8"]
[Site "Budapest HUN"]
[Date "2008.02.17"]
[Round "6"]
[White "Rigo,Ja"]
[Black "Papp,T1"]
[Result "1/2-1/2"]
[WhiteElo "2286"]
[BlackElo "2300"]

1.e4 c5 2.Nf3 e6 3.d4 cxd4 4.Nxd4 a6 5.Nc3 Qc7 6.Be3 Nf6 7.f3 b5 8.Qd2 Bb7
9.g4 b4 10.Na4 d5 11.e5 Nfd7 12.f4 Nc6 13.b3 g5 14.f5 Ndxe5 15.Be2 Nxd4 16.Bxd4 Rg8
17.O-O Nd7 18.fxe6 fxe6 19.Bd3 O-O-O 20.Rf7 Bg7 21.Rxg7 Rxg7 22.Bxg7 Rg8
23.Bd4 e5 24.Bf2 d4 25.Re1 Nf6 26.Bf5+ Kb8 27.Bg3 Qc6 28.Rxe5 Qh1+ 29.Kf2 Qf3+
30.Ke1 Qh1+ 31.Ke2 Qf3+  1/2-1/2

[Event "XXIV Open"]
[Site "Cappelle La Grande FRA"]
[Date "2008.02.17"]
[Round "2"]
[White "Kotronias,V"]
[Black "Ohme,M"]
[Result "1-0"]
[WhiteElo "2628"]
[BlackElo "2267"]

1.e4 c5 2.Nf3 e6 3.d4 cxd4 4.Nxd4 a6 5.Nc3 b5 6.Bd3 Qb6 7.Nf3 Nc6 8.O-O Qb8
9.e5 f5 10.Re1 Nge7 11.h4 Bb7 12.h5 Nb4 13.Nd4 Nec6 14.Nxc6 Nxc6 15.Bf4 Bc5
16.h6 g6 17.a4 b4 18.Nb1 Qa7 19.Re2 O-O-O 20.Bg5 Rde8 21.Nd2 Qa8 22.Qf1 d5
23.exd6 e5 24.Bf6 Rhf8 25.Bg7 Rf7 26.Nc4 e4 27.c3 Rd8 28.Bc2 Qa7 29.Bb3 Rfd7
30.a5 Kb8 31.Ba4 Bxd6 32.cxb4 Bxb4 33.Rc2 Bc5 34.Ne5 Rxg7 35.Nxc6+ Bxc6 36.hxg7 Bxa4
37.Rxa4 e3 38.fxe3 Bxe3+ 39.Kh2 Qxg7 40.g3 Ka7 41.Rac4  1-0

[Event "10th TCh-Euro sen"]
[Site "Dresden GER"]
[Date "2008.02.17"]
[Round "7"]
[White "Hoen,R"]
[Black "Wilson,P"]
[Result "1-0"]
[WhiteElo "2284"]
[BlackElo "1989"]

1.e4 c5 2.Nf3 e6 3.d4 cxd4 4.Nxd4 a6 5.Nc3 Qc7 6.Bd3 Nc6 7.Nb3 Bb4 8.Bd2 Ne5
9.Qe2 Nxd3+ 10.cxd3 Ne7 11.O-O O-O 12.Rac1 Qd8 13.a3 Bxc3 14.Bxc3 b6 15.f4 d5
16.e5 g6 17.Nd4 Bd7 18.g4 Kh8 19.Qe3 Rg8 20.Be1 Rc8 21.Bh4 Qe8 22.Bf6+ Rg7
23.Rxc8 Bxc8 24.Rc1 Ng8 25.Bxg7+ Kxg7 26.Rc7 Ne7 27.b3 Qd8 28.Qc1 Bd7 29.Kg2 Nc8
30.Kg3 a5 31.Rb7 Qe8 32.Qc7  1-0

[Event "US Amateur Team-ch East"]
[Site "Parsippany USA"]
[Date "2008.02.17"]
[Round "3"]
[White "Critelli,J"]
[Black "Mirabile,T"]
[Result "1/2-1/2"]
[WhiteElo "2346"]
[BlackElo "2179"]

1.e4 c5 2.Nc3 e6 3.Nf3 a6 4.d4 cxd4 5.Nxd4 d6 6.f4 Qc7 7.Bd3 Nf6 8.O-O b5
9.Qe2 Nbd7 10.Kh1 Bb7 11.a4 b4 12.Nd1 Nc5 13.Nf2 Be7 14.Bd2 d5 15.e5 Nfe4
16.Bxe4 Nxe4 17.Nd3 Qc4 18.Be3 g6 19.a5 Rc8 20.Qd1 Qc7 21.Qe1 Qc4 22.Qd1 Qc7
23.Kg1 Qc4 24.Ra4 Bc6 25.b3 Qc3 26.Ne2 Bxa4 27.Nxc3 Nxc3 28.Qf3 Bb5 29.Re1 Ne4
30.Nf2 Nxf2 31.Qxf2  1/2-1/2

[Event "XXIV Open"]
[Site "Cappelle La Grande FRA"]
[Date "2008.02.18"]
[Round "3"]
[White "Schoene,Mar"]
[Black "Dzagnidze,N"]
[Result "0-1"]
[WhiteElo "2207"]
[BlackElo "2429"]

1.e4 c5 2.Nf3 e6 3.d4 cxd4 4.Nxd4 a6 5.Nc3 Qc7 6.Bd3 b5 7.O-O Bb7 8.Qe2 Be7
9.Bd2 Nf6 10.a4 b4 11.Na2 Qb6 12.Nb3 a5 13.c3 bxc3 14.Nxc3 Qxb3 15.Nb5 O-O
16.Nc7 Nc6 17.Nxa8 Bxa8 18.Bc3 Qb6 19.Rfe1 e5 20.Bc4 Bc5 21.Rad1 Nd4 22.Qd3 Bc6
23.Ra1 Qb7 24.Bd5 Bxd5 25.exd5 Qxd5 26.Bxa5 e4 27.Qc3 Nc6 28.Rad1 Qf5 29.Re2 Ng4
30.Rf1 Nxf2 31.Rexf2 Bxf2+ 32.Rxf2 Qxa5  0-1

[Event "XXIV Open"]
[Site "Cappelle La Grande FRA"]
[Date "2008.02.18"]
[Round "4"]
[White "Diogo,V"]
[Black "Tunik,G"]
[Result "0-1"]
[WhiteElo "2274"]
[BlackElo "2473"]

1.e4 c5 2.Nf3 e6 3.d4 cxd4 4.Nxd4 a6 5.Nc3 Qc7 6.Be3 b5 7.Bd3 Bb7 8.O-O Nf6
9.a3 Nc6 10.Nxc6 Qxc6 11.Qf3 Qc7 12.Rad1 Bd6 13.Kh1 Be5 14.Bd2 h5 15.Qe2 Bxh2
16.f4 Ng4 17.e5 f5 18.exf6 gxf6 19.Ne4 f5 20.Ng5 O-O-O 21.a4 h4 22.Nh3 Rhg8
23.axb5 axb5 24.Bxf5 exf5 25.Ra1 Ne3 26.Bxe3 Rxg2  0-1

[Event "XXIV Open"]
[Site "Cappelle La Grande FRA"]
[Date "2008.02.18"]
[Round "4"]
[White "Houriez,C"]
[Black "Raulet,A"]
[Result "1-0"]
[WhiteElo "2255"]
[BlackElo "1981"]

1.e4 c5 2.Nf3 e6 3.d4 cxd4 4.Nxd4 a6 5.Nc3 Qc7 6.Be2 Nf6 7.O-O b6 8.f4 d6
9.Bf3 Bb7 10.Kh1 Nbd7 11.a4 Be7 12.Qe1 O-O 13.g4 Nc5 14.g5 Ne8 15.Bg2 d5
16.e5 Ne4 17.Rf3 g6 18.Nce2 Ng7 19.Bd2 Qd7 20.Bb4 Nc5 21.Nc3 Rfc8 22.Re3 Nf5
23.Nxf5 exf5 24.Rd1 d4 25.Ne2 Bxg2+ 26.Kxg2 Qb7+ 27.Rf3 Ne6 28.Bxe7 Qxe7
29.Nxd4 Nxd4 30.Rxd4 Rxc2+ 31.Rf2 Qb7+ 32.Kg3 Rac8 33.e6 Rc1 34.Qe3 R1c7
35.Rfd2  1-0

[Event "10th TCh-Euro sen"]
[Site "Dresden GER"]
[Date "2008.02.18"]
[Round "8"]
[White "Petrushin,A1"]
[Black "Malich,B"]
[Result "1/2-1/2"]
[WhiteElo "2426"]
[BlackElo "2380"]

1.e4 c5 2.Nf3 e6 3.d4 cxd4 4.Nxd4 a6 5.Nc3 Qc7 6.Bd3 Nc6 7.Be3 Nf6 8.O-O Bd6
9.Kh1 Bf4 10.Bxf4 Qxf4 11.Nxc6 dxc6 12.Qe2 e5 13.g3 Qh6 14.Na4 Bh3 15.Rg1 Nd7
16.f3 Be6 17.Qf2 O-O 18.Rad1 Rfd8 19.Be2 Qf6 20.Rd6 Nf8 21.Rgd1 Rxd6 22.Rxd6 Rd8  1/2-1/2

[Event "XXIV Open"]
[Site "Cappelle La Grande FRA"]
[Date "2008.02.19"]
[Round "5"]
[White "Salgado Lopez,I"]
[Black "David,Alb"]
[Result "1/2-1/2"]
[WhiteElo "2459"]
[BlackElo "2557"]

1.e4 c5 2.Nf3 e6 3.d4 cxd4 4.Nxd4 a6 5.Nc3 Qc7 6.Bd3 Nf6 7.Qe2 Bd6 8.Nf3 Nc6
9.h3 b6 10.O-O Bb7 11.Bd2 O-O 12.Rae1 Ne5 13.Nxe5 Bxe5 14.f4 Bd4+ 15.Kh1 d5
16.e5 Ne4 17.Nxe4 dxe4 18.Bxe4 Bxe4 19.Qxe4 Bxb2 20.Bb4 Rfc8 21.f5 Qc4 22.fxe6 Qxe6
23.Bd6 Qg6 24.Qb7 Bd4 25.Qd5 Bc5 26.Bxc5 bxc5 27.e6 f6 28.Re2 Qe8 29.Rb1 Rd8
30.Qxc5 Rac8 31.Qa7 Ra8 32.Qe3 Qe7 33.Qe4 Ra7 34.Qc6 a5 35.a4 Rc7 36.Qa6 Ra7
37.Qb6 h6 38.c4 Rc8 39.Rc1 f5 40.c5 f4 41.c6 Qa3 42.Rec2 Re7 43.Qxa5 f3 44.Qd5 fxg2+
45.Kxg2 Qxa4 46.Rf2 Qa7 47.Rc4 Qe3 48.Re4 Qc3 49.Rc4 Qe3 50.Re4 Qc3 51.Rf7 Rxc6
52.Qd8+ Kh7 53.Qxe7 Qc2+ 54.Kg3 Rc3+ 55.Rf3 Qxe4 56.Rxc3 Qe5+ 57.Kg2 Qe2+
58.Kg3 Qe5+ 59.Kf2 Qxc3 60.Qf7 Qd2+ 61.Kf3 Qd3+ 62.Kf4 Qd4+ 63.Kf3  1/2-1/2

[Event "XXIV Open"]
[Site "Cappelle La Grande FRA"]
[Date "2008.02.19"]
[Round "5"]
[White "Savchenko,B"]
[Black "Dzagnidze,N"]
[Result "1/2-1/2"]
[WhiteElo "2589"]
[BlackElo "2429"]

1.e4 c5 2.Nf3 e6 3.d4 cxd4 4.Nxd4 a6 5.Nc3 Qc7 6.Bg5 Nc6 7.Qd2 Nf6 8.O-O-O Bb4
9.f3 b5 10.Kb1 Bb7 11.Nb3 Be7 12.Bf4 Ne5 13.Qd4 d6 14.Bxb5+ axb5 15.Nxb5 Qc6
16.Nxd6+ Bxd6 17.Qxd6 Qxd6 18.Rxd6 Nc4 19.Rd3 Ke7 20.Nc5 Ba6 21.Nxa6 Rxa6
22.b3 e5 23.Bg5 Na3+ 24.Kb2 Nxc2 25.Kxc2 Rxa2+ 26.Kb1 Rha8 27.Rc1 Ra1+ 28.Kc2 R1a2+
29.Kb1 Ra1+ 30.Kb2 R1a2+ 31.Kb1  1/2-1/2

[Event "XXIV Open"]
[Site "Cappelle La Grande FRA"]
[Date "2008.02.19"]
[Round "5"]
[White "Ohme,M"]
[Black "Moroz,A"]
[Result "0-1"]
[WhiteElo "2267"]
[BlackElo "2512"]

1.e4 c5 2.Nf3 e6 3.d4 cxd4 4.Nxd4 a6 5.Nc3 Qc7 6.Bd3 Nf6 7.O-O Bc5 8.Nb3 Be7
9.Qe2 d6 10.Kh1 Nbd7 11.f4 b6 12.Bd2 Bb7 13.Rae1 e5 14.f5 O-O 15.Bg5 Rfe8
16.a4 h6 17.Be3 Bf8 18.Bf2 d5 19.exd5 Bb4 20.Be4 Nxe4 21.Qxe4 Bxc3 22.bxc3 Nf6
23.d6 Qd7 24.Qd3 Qxa4 25.Rg1 Qc6 26.Nd2 Ng4 27.Bh4 e4 28.Qg3 h5 29.h3 Nh6
30.Qf4 Qd5 31.f6 Nf5 32.Qg5 g6 33.Ref1 Kh7 34.Rd1 Nxd6 35.Nxe4 Nxe4 36.Qxd5 Bxd5
37.Rxd5 Re6 38.Rd7 g5 39.Be1 Kg6 40.Rf1 a5 41.Kg1 a4 42.Bf2 Nxf2 43.Rxf2 Re1+
44.Rf1 Rxf1+ 45.Kxf1 a3 46.Rd1 a2 47.Ra1 Kxf6 48.Kf2 Ke5 49.Ke3 f5  0-1

[Event "1st Pfalz Open"]
[Site "Neustadt a.d. Weinstrasse GER"]
[Date "2008.02.19"]
[Round "5"]
[White "Kekelidze,M"]
[Black "Friedrich,N"]
[Result "1/2-1/2"]
[WhiteElo "2454"]
[BlackElo "2306"]

1.e4 c5 2.Nf3 e6 3.Nc3 a6 4.d4 cxd4 5.Nxd4 Qc7 6.Bd3 Nc6 7.Nxc6 dxc6 8.O-O e5
9.f4 Nf6 10.Kh1 Bd6 11.f5 b5 12.a4 Rb8 13.axb5 axb5 14.Be3 Qe7 15.Ra7 Bb7
16.Qe2 Bc5 17.Bxc5 Qxc5 18.Raa1 h5 19.Nd1 O-O 20.Nf2 Qb6 21.Rg1 c5 22.Bxb5 Bxe4
23.Nxe4 Nxe4 24.Qxe4 Qxb5 25.b3 c4 26.bxc4 Qc5 27.Qh4 Rb4 28.Qxh5 f6 29.Rgd1 Rxc4
30.Rd7 Rxc2 31.Rad1 Qc6 32.Qg4 Rf7 33.Rd8+ Rf8 34.h3 Rc1 35.Rxc1 Qxc1+ 36.Rd1 Qc6
37.h4 Qc7 38.h5 Rd8 39.Ra1 Rd4 40.Ra8+ Rd8 41.Ra1 Qc3 42.Ra7 Qc1+ 43.Kh2 Qf4+
44.Qxf4 exf4 45.Ra4 f3 46.g4 f2 47.Kg2 f1=Q+ 48.Kxf1 Rd2 49.g5 fxg5 50.Rg4 Kh7
51.Rxg5 Kh6 52.Rg6+  1/2-1/2

[Event "XXIV Open"]
[Site "Cappelle La Grande FRA"]
[Date "2008.02.21"]
[Round "7"]
[White "Fierro Baquero,M"]
[Black "Sergeev,Vl"]
[Result "1/2-1/2"]
[WhiteElo "2341"]
[BlackElo "2502"]

1.e4 c5 2.Nc3 a6 3.Nf3 e6 4.d4 cxd4 5.Nxd4 Qc7 6.Bd3 Nf6 7.Qe2 Bc5 8.Nb3 Bd6
9.Bd2 Nc6 10.O-O-O Ne5 11.Kb1 Be7 12.f4 Nxd3 13.cxd3 d6 14.Rc1 Qd8 15.g4 O-O
16.g5 Nd7 17.h4 Nc5 18.Nd4 Re8 19.h5 e5 20.Nf3 Bg4 21.f5 f6 22.h6 fxg5 23.Rcg1 Bxf3
24.Qxf3 g6 25.Nd1 Rf8  1/2-1/2

[Event "XXIV Open"]
[Site "Cappelle La Grande FRA"]
[Date "2008.02.22"]
[Round "8"]
[White "Gashimov,V"]
[Black "Oleksienko,M"]
[Result "1/2-1/2"]
[WhiteElo "2665"]
[BlackElo "2590"]

1.e4 c5 2.Nf3 e6 3.d4 cxd4 4.Nxd4 a6 5.Nc3 b5 6.Bd3 Qb6 7.Nf3 Nc6 8.O-O Qb8
9.Re1 Nge7 10.Be3 d6 11.a4 b4 12.Ne2 g6 13.Nd2 Ne5 14.Nc4 N7c6 15.Nd4 Nxc4
16.Bxc4 Na5 17.Bf1 Bg7 18.Qd2 O-O 19.Rad1 Rd8 20.c3 e5 21.Nc2 Nb3 22.Qd3 bxc3
23.bxc3 Bb7 24.Nb4 Qc7 25.Qc4 Qxc4 26.Bxc4 Na5 27.Ba2 Rdc8 28.Nd5 Bxd5 29.Bxd5 Rab8
30.Rb1 Bf6 31.g3 Kg7 32.Ba7 Rxb1 33.Rxb1 Nc6 34.Be3 Bd8 35.Bc4 a5 36.Ba6 Rb8
37.Bb7 Bc7 38.Rb5 Ne7 39.Kf1 f5 40.f3 Kf6 41.Ke2 fxe4 42.fxe4 Ke6 43.c4 Kd7
44.Bd2 Nc8 45.Bxc8+ Rxc8 46.c5 dxc5 47.Rxc5 Rb8 48.Bxa5 Bxa5 49.Rxa5 Rb2+
50.Kd3 Rxh2 51.Rxe5 Ra2 52.Ra5 Ra3+ 53.Kd4 Rxg3 54.Ra7+ Ke6 55.Ra6+ Kf7 56.a5 h5
57.Ra7+ Kf6 58.e5+ Ke6 59.Ra6+ Kf5 60.Rf6+ Kg5 61.a6 h4 62.a7 Ra3 63.Rf7 h3
64.Rh7 h2 65.Rxh2 Rxa7 66.Rg2+ Kf5 67.Rf2+ Ke6 68.Rf6+ Ke7  1/2-1/2

[Event "1st Pfalz Open"]
[Site "Neustadt a.d. Weinstrasse GER"]
[Date "2008.02.22"]
[Round "8"]
[White "Teske,H"]
[Black "Wegerle,J"]
[Result "1-0"]
[WhiteElo "2493"]
[BlackElo "2415"]

1.Nf3 c5 2.e4 e6 3.Nc3 a6 4.d4 cxd4 5.Nxd4 Qc7 6.Bd3 Nc6 7.Be3 Nf6 8.O-O Nxd4
9.Bxd4 Bc5 10.Bxc5 Qxc5 11.Kh1 d6 12.f4 e5 13.Nd5 Nxd5 14.exd5 Qxd5 15.Qh5 g6
16.Qh4 Be6 17.Rae1 f5 18.b3 Kf7 19.fxe5 dxe5 20.Qg3 Kf6 21.Qh4+ Kf7 22.Qg3 Kf6
23.Be4 Qc5 24.Bxb7 Ra7 25.Be4 Rf8 26.c4 Re7 27.Rd1 Kg7 28.Bd5 f4 29.Qc3 Bg4
30.Rde1 Qd6 31.h3 Bc8 32.b4 g5 33.Bf3 Bf5 34.a4 Qf6 35.Bd5 h5 36.b5 axb5
37.axb5 g4 38.Rxf4 Kh6 39.Qe3 Qg5 40.Rf2 gxh3 41.b6 hxg2+ 42.Bxg2 e4 43.c5 Rf6
44.Bh3  1-0

[Event "6th Festival Gp A"]
[Site "Nancy FRA"]
[Date "2008.02.23"]
[Round "8"]
[White "Riff,JN"]
[Black "Landa,K"]
[Result "0-1"]
[WhiteElo "2474"]
[BlackElo "2641"]

1.e4 c5 2.Nf3 e6 3.d4 cxd4 4.Nxd4 a6 5.Nc3 Qc7 6.Be2 b5 7.O-O Bb7 8.Re1 Nc6
9.Nxc6 dxc6 10.e5 Bb4 11.Qd4 c5 12.Qg4 Ne7 13.a4 bxa4 14.Rxa4 O-O 15.Bd3 Nf5
16.Bg5 Kh8 17.Qh3 f6 18.exf6 gxf6 19.Bh4 Nxh4 20.Qxh4 e5 21.Be4 Rad8 22.Bxb7 Qxb7
23.Rd1 Qc6 24.Raa1 Bxc3 25.bxc3 Rxd1+ 26.Rxd1 a5 27.Ra1 Rg8 28.g3 Rd8 29.Qg4 Rg8
30.Qa4 Qxa4 31.Rxa4 Ra8 32.Kf1 Kg7 33.Ke2 Kg6 34.Ke3 Kf5 35.f3 Ke6 36.g4 f5
37.gxf5+ Kxf5 38.h4 h5 39.Kd3 Ra7 40.Ke3 c4 41.f4 exf4+ 42.Kf3 Ke5 43.Rxc4 a4
44.Re4+ Kd5 45.Kxf4 a3 46.Re1 Kc4 47.Kg5 Ra5+ 48.Kg6 Kxc3 49.Re3+ Kxc2 50.Re2+ Kc3  0-1

[Event "XI Open"]
[Site "Malaga ESP"]
[Date "2008.02.24"]
[Round "3"]
[White "Lara Granero,B"]
[Black "Paunovic,D"]
[Result "1/2-1/2"]
[WhiteElo "2015"]
[BlackElo "2522"]

1.e4 c5 2.Nf3 a6 3.Nc3 e6 4.d4 cxd4 5.Nxd4 Qc7 6.Bd3 Nf6 7.O-O Be7 8.Kh1 d6
9.f4 Nbd7 10.Qe2 b5 11.Bd2 Bb7 12.a4 bxa4 13.Nxa4 O-O 14.Bc3 Rfe8 15.Nf3 d5
16.e5 Ne4 17.Bd4 Bc6 18.Nc3 Ndc5 19.Bxa6 Nxa6 20.Rxa6 Rab8 21.Ra7 Nxc3 22.bxc3 Rb7
23.Rfa1 g6 24.g4 Qd7 25.Qf2 Reb8 26.Rxb7 Bxb7 27.Ne1 Ra8 28.Rb1 Ba6 29.Ng2 Qa4
30.f5 Bc8 31.f6 Bf8 32.h4 Qa2 33.Rg1 Bd7 34.g5 Ba4 35.Ne3 Rb8 36.h5 Rb1 37.hxg6 hxg6
38.Rxb1 Qxb1+ 39.Qg1 Bxc2 40.Qxb1 Bxb1 41.Kg2 Bd3 42.Kf2 Ba3 43.Ng4 Kf8 44.Bb6 Ke8
45.Nh6 Bf5 46.Ke2 Bf8 47.Be3 Ba3 48.Kd1 Bf8 49.Kc1 Ba3+ 50.Kd1 Be4 51.Kd2 Bf8
52.Ng4 Bf3 53.Nh2 Be4 54.Nf1 Kd7 55.Nh2 Kc6 56.Ng4 Bf5 57.Nh6 Bxh6 58.gxh6  1/2-1/2

[Event "1st ZSKA Open"]
[Site "Sofia BUL"]
[Date "2008.02.24"]
[Round "4"]
[White "Andreev,Do"]
[Black "Mitrev,K"]
[Result "1-0"]
[WhiteElo "2124"]
[BlackElo "2149"]

1.e4 c5 2.Nf3 e6 3.Nc3 a6 4.d4 cxd4 5.Nxd4 Qc7 6.Bd3 Nc6 7.Nxc6 bxc6 8.O-O Bc5
9.Qg4 Kf8 10.Bf4 e5 11.Qh5 d6 12.Bg5 h6 13.Bh4 Ne7 14.Kh1 Ng6 15.Bg3 Be6
16.f4 exf4 17.Bxf4 Nxf4 18.Rxf4 g5 19.Rf6 Kg7 20.e5 Qe7 21.Raf1 Rag8 22.Ne4 Bd4
23.exd6 Qd7 24.Qf3 Rf8 25.Ng3 Bg4 26.Nh5+ Bxh5 27.Qxh5 Bxf6 28.Qf3 Qxd6 29.Bxa6 Re8
30.Bd3 Re5 31.a4 Rhe8 32.a5 Qd5 33.Qxf6+ Kg8 34.Qxh6 Qe6 35.Bh7+ Kh8 36.Bg6+  1-0

[Event "XI Open"]
[Site "Malaga ESP"]
[Date "2008.02.29"]
[Round "8"]
[White "Gavilan Diaz,M"]
[Black "Strikovic,A"]
[Result "0-1"]
[WhiteElo "2280"]
[BlackElo "2543"]

1.e4 c5 2.Nf3 e6 3.d4 cxd4 4.Nxd4 a6 5.Nc3 b5 6.Bd3 Bb7 7.O-O Qc7 8.Kh1 Nf6
9.f4 b4 10.e5 bxc3 11.exf6 gxf6 12.Qg4 h5 13.Qh4 Be7 14.bxc3 Nc6 15.Be3 f5
16.Qh3 Nxd4 17.Bxd4 Rg8 18.Rf2 h4 19.Be2 Be4 20.Bd3 d5 21.c4 Qc6 22.cxd5 Bxd5
23.c4 Be4 24.Bxe4 Qxe4 25.Qe3 O-O-O 26.Qxe4 fxe4 27.Bb6 Rd3 28.f5 Kb7 29.Rb1 Kc6
30.fxe6 Rb8 31.Rfb2 Ba3 32.Re2 Rxb6 33.Rf1 f5 34.Ree1 Bb4  0-1

[Event "58th ch-RUS w 1st liga"]
[Site "Smolensk RUS"]
[Date "2008.03.02"]
[Round "5"]
[White "Korchagina,V"]
[Black "Kindinova,E"]
[Result "0-1"]
[WhiteElo "2182"]
[BlackElo "2097"]

1.e4 c5 2.Nf3 e6 3.d4 cxd4 4.Nxd4 a6 5.Nc3 b5 6.g3 b4 7.Na4 Bb7 8.Bg2 Nf6
9.O-O Bxe4 10.Bxe4 Nxe4 11.Re1 Nc5 12.Qf3 Ra7 13.Nxc5 Bxc5 14.Nb3 Bb6 15.Qg4 Qf6
16.Re2 a5 17.Bf4 O-O 18.Bd6 Rc8 19.Nd2 Nc6 20.Nf3 Qxb2 21.Rd1 f5 22.Qc4 Qc3
23.Qf4 Qf6 24.h4 Bc7 25.Red2 Bxd6 26.Rxd6 Rcc7 27.Qd2 Ne5 28.Nxe5 Qxe5 29.h5 h6
30.Re1 Qc3 31.Qe2 Qxc2 32.Qb5 Rcb7 33.Qe5 Qxa2 34.Qc5 Rc7 35.Qb5 Rab7 36.Qa6 Rb8
37.Re2 Qa1+ 38.Kg2 b3  0-1

[Event "24th Open"]
[Site "Bad Woerishofen GER"]
[Date "2008.03.03"]
[Round "5"]
[White "Bergmann,R"]
[Black "Dahmen,J"]
[Result "1/2-1/2"]
[WhiteElo "1964"]
[BlackElo "1675"]

1.e4 c5 2.Nf3 e6 3.d4 cxd4 4.Nxd4 a6 5.Nc3 d6 6.g3 Nf6 7.Bg2 Be7 8.O-O Nbd7
9.Be3 O-O 10.f4 Qc7 11.f5 e5 12.Nb3 b6 13.g4 h6 14.g5 hxg5 15.Bxg5 Bb7 16.Rf3 Nc5
17.Rh3 Rfd8 18.Bxf6 Bxf6 19.Nd5 Bxd5 20.exd5 Rac8 21.c3 Nxb3 22.Qxb3 b5 23.Qb4 Qc5+
24.Qxc5 Rxc5 25.Re1 Rc4 26.Re4 Rdc8 27.Rg3 Rxe4  1/2-1/2

[Event "Cvijet Mediterana"]
[Site "Rijeka CRO"]
[Date "2008.03.03"]
[Round "4"]
[White "Jelica,M"]
[Black "Lujan,C"]
[Result "0-1"]
[WhiteElo "2163"]
[BlackElo "2365"]

1.e4 c5 2.Nf3 e6 3.d4 cxd4 4.Nxd4 a6 5.Nc3 Qc7 6.Bd3 Nf6 7.O-O Nc6 8.Nxc6 dxc6
9.f4 Bc5+ 10.Kh1 e5 11.f5 h5 12.Qf3 Ng4 13.Bg5 f6 14.Bh4 Bd7 15.Na4 Ba7 16.b4 Qd6
17.Rab1 b5 18.Nc3 Ke7 19.Nd1 Rag8 20.Bf2 Nxf2+ 21.Nxf2 g5 22.c4 Bd4 23.c5 Qc7
24.Bc2 g4 25.Qe2 g3 26.Nd3 gxh2 27.Kxh2 Rg4 28.Rf3 Rhg8 29.Ne1 Bxf5 30.exf5 Rh4+
31.Rh3 e4+ 32.Kh1 Rxh3+  0-1

[Event "58th ch-RUS w 1st liga"]
[Site "Smolensk RUS"]
[Date "2008.03.03"]
[Round "6"]
[White "Airapetian,Ta"]
[Black "Manakova,I"]
[Result "1-0"]
[WhiteElo "2162"]
[BlackElo "2200"]

1.e4 c5 2.Nf3 e6 3.d4 cxd4 4.Nxd4 a6 5.Nc3 Qc7 6.Be3 Nf6 7.Qd2 Bb4 8.f3 d5
9.Bd3 e5 10.Nb3 d4 11.Nxd4 exd4 12.Bxd4 Nc6 13.Bf2 Be6 14.Bg3 Qa5 15.O-O Nh5
16.Bh4 Be7 17.Bxe7 Nxe7 18.f4 O-O-O 19.Qf2 Kb8 20.Rab1 Qb4 21.f5 Bc8 22.Kh1 Qd4
23.Qh4 Nf6 24.Qg3+ Ka8 25.Ne2 Qb6 26.Qxg7 Rhg8 27.Qxf7 Qd6 28.Nf4 Rdf8 29.Qb3 Rg4
30.Qa3 Qc7 31.e5 Rxf4 32.Rxf4 Qxe5 33.Rbf1 Rg8 34.Qb4 Nfd5 35.Qd4 Qxd4 36.Rxd4 Ne3
37.Re1 N3xf5 38.Rf4 h5 39.Re5 Rg5 40.Kg1 Kb8 41.h4 Rg4 42.Rxg4 hxg4 43.h5 Kc7
44.Rxe7+ Kd6 45.Re8 Bd7 46.Rd8 Nh6 47.Bg6  1-0

[Event "XXIII Open"]
[Site "Reykjavik ISL"]
[Date "2008.03.04"]
[Round "2"]
[White "Finnlaugsson,G"]
[Black "Thomassen,J"]
[Result "0-1"]
[WhiteElo "2128"]
[BlackElo "2308"]

1.e4 c5 2.Nf3 e6 3.d4 cxd4 4.Nxd4 a6 5.Nc3 b5 6.g3 Bb7 7.Bg2 Nf6 8.Qe2 d6
9.O-O Qc7 10.Re1 Nbd7 11.Bd2 Be7 12.Rac1 Nb6 13.Nd1 O-O 14.Ba5 Nfd7 15.Ne3 Bf6
16.Red1 Rac8 17.b3 Qb8 18.Bb4 Nc5 19.Qg4 g6 20.Bxc5 Rxc5 21.Nxe6 h5 22.Qf4 fxe6
23.Qh6 Qe8 24.Nf5 exf5 25.Rxd6 Nc8 26.Re6 Qf7 27.Rd1 Bxe4  0-1

[Event "40th WGM"]
[Site "Belgrade SCG"]
[Date "2008.03.05"]
[Round "3"]
[White "Makropoulou,M"]
[Black "Bojkovic,N"]
[Result "0-1"]
[WhiteElo "2250"]
[BlackElo "2408"]

1.e4 c5 2.Nf3 e6 3.d4 cxd4 4.Nxd4 a6 5.Nc3 b5 6.Bd3 Bb7 7.O-O Nc6 8.Nxc6 Bxc6
9.Qe2 Bc5 10.Be3 Bxe3 11.Qxe3 Ne7 12.Rad1 O-O 13.f4 f5 14.Kh1 Qc7 15.Rf2 Rac8
16.a3 Qb7 17.exf5 Nxf5 18.Bxf5 Rxf5 19.Ne2 Rf6 20.Nd4 Bd5 21.Nf3 Bxf3 22.Qxf3 Qxf3
23.gxf3 d5 24.Rd4 Rc4 25.Rxc4 bxc4 26.b4 Rxf4 27.c3 e5 28.Kg2 Kf7 29.Rb2 Ke6
30.b5 axb5 31.Rxb5 d4 32.Kf2 dxc3 33.Rb1 Kd5 34.Ke3 Rh4 35.Rc1 Rxh2 36.Rxc3 Ra2  0-1

[Event "FSGM March"]
[Site "Budapest HUN"]
[Date "2008.03.05"]
[Round "4"]
[White "Llaneza Vega,M"]
[Black "Bui Vinh"]
[Result "1-0"]
[WhiteElo "2445"]
[BlackElo "2482"]

1.e4 c5 2.Nc3 e6 3.Nf3 a6 4.d4 cxd4 5.Nxd4 Qc7 6.Bd3 Nc6 7.Nxc6 bxc6 8.O-O Nf6
9.f4 d5 10.Kh1 Be7 11.Qf3 Bb7 12.Qg3 g6 13.Qh3 d4 14.e5 dxc3 15.exf6 Bxf6
16.bxc3 O-O 17.Rb1 c5 18.c4 Rab8 19.Be3 Ba8 20.Rb3 Qa5 21.Qg3 Qc7 22.Qf2 Rbc8
23.Rfb1 Rfd8 24.Rb6 Bd4 25.h3 Bxe3 26.Qxe3 Rd6 27.Rxd6 Qxd6 28.Be2 Kg7 29.Kg1 Kg8
30.Kf2 Qd8 31.Qe5 h6 32.g3 Kh7 33.Rd1 Qe7 34.Rd3 Kg8 35.Rb3 Qd8 36.h4 h5
37.Rd3 Qe7 38.Rb3 Qd7 39.Rb6 a5 40.Bd3 Bb7 41.Rd6 Qe8 42.Bxg6 Rc6 43.Bxh5 Rxd6
44.Qxd6 Be4 45.Qxc5 Qa4 46.Be2 Qxa2 47.Qg5+ Kh7 48.Qf6 Kg8 49.h5 Qa3 50.h6 Qf8
51.Bd3 Bxd3 52.cxd3 a4 53.Ke2 a3 54.Kd1 a2 55.Kc2 Qxh6 56.Qxh6 a1=Q 57.Qg5+ Kf8
58.Qd8+ Kg7 59.Qg5+ Kf8 60.Qc5+ Kg8 61.Qg5+ Kf8 62.Qb5 Qa2+ 63.Qb2 Qa4+ 64.Kc3 Kg8
65.c5 Qa8 66.Qb3 Qh1 67.Qc4 Qc6 68.Kb4 Qb7+ 69.Qb5 Qd5 70.Qb8+ Kh7 71.Qd6 Qb7+
72.Kc4 Qa7 73.Qc6 Qa2+ 74.Kb5 Qb3+ 75.Ka6 Qxd3+ 76.Qb5 Qxg3 77.c6 Qxf4 78.Kb7 Qe4
79.Kb8 Qf4+ 80.c7 Qd6 81.Kb7 Qe7 82.Qh5+ Kg7 83.Qg4+ Kh7 84.Qh3+ Kg7 85.Qc3+ e5
86.Ka8  1-0

[Event "Match of Champions"]
[Site "Kharkiv UKR"]
[Date "2008.03.05"]
[Round "1"]
[White "Kovchan,A"]
[Black "Areshchenko,A"]
[Result "0-1"]
[WhiteElo "2515"]
[BlackElo "2645"]

1.e4 c5 2.Nf3 e6 3.d4 cxd4 4.Nxd4 a6 5.Nc3 Qc7 6.Bd3 Nf6 7.O-O Be7 8.Kh1 d6
9.f4 Nbd7 10.Nf3 Nc5 11.e5 Nfd7 12.Qe2 O-O 13.Ne4 Nxe4 14.Qxe4 g6 15.Bd2 Nc5
16.Qe3 b5 17.Bc3 Nxd3 18.cxd3 dxe5 19.Bxe5 Qd7 20.Bc3 Bb7 21.Rae1 Rae8 22.Nh4 f6
23.Ba5 Rf7 24.a3 Rc8 25.Qd2 Bc5 26.Nf3 Re7 27.Bc3 Rce8 28.Qd1 Bd5 29.Bd2 Kf7
30.b4 Bb6 31.Bc1 Bc7 32.Qc2 g5 33.Qc5 Ba2 34.Nd4 Bb1 35.Nc6  0-1